000 00242nam a22001217a 4500
003 SGT
082 _a370
_bMAH
100 _aMAHINDRA, JP
245 _aMATHEMATICS CLASS XI
260 _aHARYANA
_bBMBD
_c2018
300 _a384
942 _2ddc
_cBK
999 _c19020
_d19020